00331nam a2200121Ia 4500100000900000942000700009245005500016260000900071082001000080546001200090999001700102952009000119 a#N/A cBK aCambridge University Press - Speaking Effectively b#N/A b21637 aENGLISH c20905d20905 001040708CDaCRCEbCRCEd2023-03-17l0o 21637pCD2383r2023-03-17w2023-03-17yBK